Manual histórico-crítico de la literatura latina

Gespeichert in:
Bibliographische Detailangaben
1. Verfasser: Terradillos, Angel María
Format: Buch
Sprache:Spanisch
Erschienen: Madrid : Imprenta de la viuda de Jordán e hijos, 1846
Katalog:MANES:  Suchergebnis im Bibliothekskatalog
Schulbuchspezifische Eigenschaften:
Tags: Tag hinzufügen
Keine Tags, Fügen Sie den ersten Tag hinzu!
Hinzugefügt zu:29.11.1999
Geändert in:07.05.2025

MARC

LEADER 00000cam a2200000#i 4500
005 20250507134450.0
008 000000s1846 esp 000 0 spa d
040 |a uned  |b spa  |c entro-manes 
100 1 |a Terradillos, Angel María  |9 21335 
245 1 0 |a Manual histórico-crítico de la literatura latina /   |c por Angel María Terradillos 
260 |a Madrid :   |b Imprenta de la viuda de Jordán e hijos,   |c 1846 
300 |a XI, 234 p. 
546 |a España 
561 |5 es-BUNED  |3 L.T. 1928  |a España. Fondo Manes UNED  |k MANES 
690 0 |a LC  |a HI 
942 |2 ddc  |c BK 
999 |c 95077  |d 95077 
999 |c manes:95077  |d 95077